000 00673nam a22002657a 4500
001 BR8304900
003 BR-BrBNA
005 20230928091742.0
007 ta
008 230509b bl.||||| |||| 00| 0 por d
040 _aBR-BrBNA
_bpor
_cBiblioteca Nacional de Agricultura
041 _a(Por)
072 _aL00; S10; R00
_b9340
_b7110
090 _ 9340 BR8304900
100 1 _aCrane, E.
245 1 _aO livro do mel
260 3 _aSao Paulo, SP (Brasil):
_bLivraria nobel S.A.,
_c1983.
300 _a226 p.
650 _aMEL
650 _aABELHA
650 _aANALISE DE ALIMENTO
650 _aCULINARIA
909 _a202309
_bLucia
_c55
_dLucia Elande
942 _cBK
999 _c35334
_d35334